000 00480nam a2200169Ia 4500
008 230917s9999||||xx |||||||||||||| ||und||
020 _cRS395
040 _e234953
_aMAIN
041 _aEnglish
082 _a629.25040113 G154C
100 _aGanesan, V
245 0 _aComputer simulation of spark-ignition engine processes
260 _aHyderabad
_bUniversities Press
_c2013
300 _axvi, 231 p.
500 _a2395 30/09/2016 HBD16/6692 07/10/2016 UIET (SFS)
942 _cBK
999 _c19262
_d19262